Normal view
MARC view
Entry Personal Name
001 - CONTROL NUMBER
- control field: 1058269
003 - CONTROL NUMBER IDENTIFIER
- control field: OSt
005 - DATE AND TIME OF LATEST TRANSACTION
- control field: 20260121165955.0
008 - FIXED-LENGTH DATA ELEMENTS
- fixed length control field: 260121|| aca||aabn | a|a d
040 ## - CATALOGING SOURCE
- Original cataloging agency: OSt
- Transcribing agency: OSt
100 ## - HEADING--PERSONAL NAME
- Personal name: Matteo Baldoni, Amit K. Chopra, Tran Cao Son, Katsutoshi Hirayama, Paolo Torroni
670 ## - SOURCE DATA FOUND
- Source citation: Work cat.: (OSt)1623998: Matteo Baldoni, Amit K. Chopra, Tran Cao Son, Katsutoshi Hirayama, Paolo Torroni, PRIMA 2016: Principles and Practice of Multi-Agent Systems
